00889pam a2200253 a 450000100100000000500170001000800410002702000150006804000300008304300120011308200190012510000280014424500710017226000370024330000270028050400300030750000200033760000450035765000500040291000280045204900090048095201290048999900170061800001575420200929164137.0880511s1988 nyu b 001 0beng d a0525247238 aDO-SdBNPcDLCdDLCdBNPHU an-us-ny a070.5092bW5891 aWhited, Charles,93544710aKnight :ba publisher in the tumultuous century /cCharles Whited. aNew York :bE. P. Dutton,c1988. aviii, 405 p. ;c24 cm. aBibliography: p. 385-387. aIncludes index.10aKNIGHT, JOHN SHIVELY,d1894-1981.935448 4aEditoreszEstados UnidosxBiografía.935449 aCatalogación derivada aBNGR 001053728MOaGRbGRcCTd2010-02-17iLF1l0o070.5092 W589p15754-10r2020-06-25te. 1w2020-06-25y2ZPréstamo interno c15304d15304